000 00225nam a2200085Ia 4500
008 170620s9999 xx 000 0 und d
100 _aLatchanna- Gara
245 0 _aEconomics of Education
260 _bNew Delhi- Discovery Publishing House
260 _c2006
999 _c24164
_d24164